Southville International School and Colleges
Your cart is empty.
  • Cart
  • Lists
    Public lists Eva Luna New books Lux_list list_1
    Your lists Log in to create your own lists
  • Log in to your account
  • Your cookies
  • Search history
Southville International School and Colleges
  • Advanced search
  • Recent comments
  • Most popular
  • Libraries

Log in to your account

Log in with GOOGLE


If you do not have an external account, but do have a local account, you can still log in:

  1. Home
  2. MARC view: Services marketing :
Normal view MARC view ISBD view

Services marketing : (Record no. 23495)

[ view plain ]
MARC details
000 -LEADER
fixed length control field 00723nam a2200265 a 4500
005 - DATE AND TIME OF LATEST TRANSACTION
control field 20140310183453.0
008 - FIXED-LENGTH DATA ELEMENTS--GENERAL INFORMATION
fixed length control field 090710s19uu xx 00 eng d
020 ## - INTERNATIONAL STANDARD BOOK NUMBER
International Standard Book Number 9780230520936
050 ## - LIBRARY OF CONGRESS CALL NUMBER
Classification number HD 9980.5
Item number .B358 2009
100 ## - MAIN ENTRY--PERSONAL NAME
Personal name Baron, Steve
245 ## - TITLE STATEMENT
Title Services marketing :
Remainder of title text and cases. /
250 ## - EDITION STATEMENT
Edition statement 3rd ed.
260 ## - PUBLICATION, DISTRIBUTION, ETC. (IMPRINT)
Place of publication, distribution, etc London :
Name of publisher, distributor, etc Palgrave Macmillan,
Date of publication, distribution, etc 2009.
300 ## - PHYSICAL DESCRIPTION
Extent 358 p. :
Other physical details ill. ;
Dimensions 27 cm.
521 ## - TARGET AUDIENCE NOTE
Target audience note
650 ## - SUBJECT ADDED ENTRY--TOPICAL TERM
Topical term or geographic name as entry element BSBA.
650 ## - SUBJECT ADDED ENTRY--TOPICAL TERM
Topical term or geographic name as entry element Marketing.
650 ## - SUBJECT ADDED ENTRY--TOPICAL TERM
Topical term or geographic name as entry element Marketing.
650 ## - SUBJECT ADDED ENTRY--TOPICAL TERM
Topical term or geographic name as entry element Service industries
General subdivision Marketing.
650 ## - SUBJECT ADDED ENTRY--TOPICAL TERM
Topical term or geographic name as entry element Service industries
General subdivision Marketing
-- Case studies.
700 ## - ADDED ENTRY--PERSONAL NAME
Personal name Harris, Kim
700 ## - ADDED ENTRY--PERSONAL NAME
Personal name Hilton, Toni
942 ## - ADDED ENTRY ELEMENTS (KOHA)
Koha item type Books
Source of classification or shelving scheme Library of Congress Classification
Call number prefix Foreign
Holdings
Withdrawn status Lost status Source of classification or shelving scheme Damaged status Home library Current library Shelving location Date acquired Source of acquisition Total Checkouts Full call number Barcode Date last seen Copy number Price effective from Koha item type
    Library of Congress Classification   College Library College Library General Circulation Section 01/20/2014 Donation   HD 9980.5 .B358 2009 C10333 05/15/2018 1 01/20/2014 Books

Services marketing :

APA

Baron S., Harris K. & Hilton T. (2009). Services marketing. London: Palgrave Macmillan.

Chicago

Baron Steve, Harris Kim and Hilton Toni. 2009. Services marketing. London: Palgrave Macmillan.

Harvard

Baron S., Harris K. and Hilton T. (2009). Services marketing. London: Palgrave Macmillan.

MLA

Baron Steve, Harris Kim and Hilton Toni. Services marketing. London: Palgrave Macmillan. 2009.

  • Place hold
  • Print
  • Cite
  • Add to your cart (remove)
  • Save record
    BIBTEX Dublin Core MARCXML MARC (non-Unicode/MARC-8) MARC (Unicode/UTF-8) MARC (Unicode/UTF-8, Standard) MODS (XML) RIS
  • More searches
    Search for this title in:
    Other Libraries (WorldCat) Other Databases (Google Scholar) Online Stores (Bookfinder.com) Open Library (openlibrary.org)

Exporting to Dublin Core...

SOUTHVILLE LIBRARY

Southville International School and Colleges Library

1281 Tropical Ave. Cor. Luxembourg St., BF Homes International, Las Pinas City

Tel. No. 8256374 / 252358 Loc. 117/146

Powered by Koha